Bioquímica : texto y atlas /
Guardado en:
| Autor Principal: | |
|---|---|
| Otros Autores: | |
| Formato: | Libro |
| Publicado: |
Madrid :
Médica Panamericana
|
| Edición: | 3a. ed. |
| Materias: | |
| Etiquetas: |
Agregar Etiqueta
Sin Etiquetas, Sea el primero en etiquetar este registro!
|
| LEADER | 00777nam a22002175a 4500 | ||
|---|---|---|---|
| 001 | CEM.cems017258 | ||
| 005 | 20091104145106.0 | ||
| 008 | 130507b######################000#0#####d | ||
| 003 | CEMS | ||
| 020 | |a 8479037245 | ||
| 082 | 0 | 4 | |a 574.192 |
| 100 | 1 | |a Koolman, Jan | |
| 245 | 1 | 0 | |a Bioquímica : |b texto y atlas / |c Jan Koolman y Klaus-heinrich Röhm |
| 250 | |a 3a. ed. | ||
| 260 | |a Madrid : |b Médica Panamericana | ||
| 300 | |a 478 p. | ||
| 505 | 0 | |a Fundamentos -- Biomoléculas -- Metabolismo -- Organelas celulares -- Genética molecular -- Tejidos y órganos -- Nutrición -- Hormonas -- Crecimiento y desarrollo | |
| 653 | |a Bioquímica en humanos | ||
| 653 | |a Biomoléculas | ||
| 700 | 1 | |a Röhm, Klaus-heinrich | |
| 859 | |a CEMS |b BIB. CEMS - Agricultura |h 574.192 |i K837a3 |p A1066.09 |t Ej.1 | ||
